[Event "Zonal 2.5 2013"]
[Site "Montevideo URU"]
[Date "2013.04.22"]
[Round "6.24"]
[White "Nakle,G"]
[Black "D Andrea,Leonardo"]
[Result "0-1"]
[WhiteElo "1728"]
[BlackElo "1921"]

1.d4 Nf6 2.c4 e6 3.Nf3 Bb4+ 4.Bd2 Qe7 5.a3 Bxd2+ 6.Nbxd2 d6 7.g3 O-O 8.Bg2 e5
9.dxe5 dxe5 10.O-O c6 11.e4 Bg4 12.Qc2 Nbd7 13.b4 c5 14.Rab1 b6 15.h3 Bxf3
16.Nxf3 Rad8 17.Rfd1 Nb8 18.b5 Rfe8 19.Nd2 Nbd7 20.Nf1 Nf8 21.Ne3 g6 22.Nd5 Nxd5
23.cxd5 Rd6 24.Rb3 Red8 25.Qe2 Ne6 26.Rb2 Nd4 27.Qc4 Rf8 28.a4 Kg7 29.a5 f5
30.axb6 axb6 31.Ra1 f4 32.Rba2 fxg3 33.fxg3 Qg5 34.Ra7+ Kh6 35.R1a3 Qd2 36.Ra2 Qe1+
37.Kh2 Nf3+ 38.Bxf3 Rxf3 39.Rg2 Rf1 40.Re2 Rh1+  0-1

[Event "ch-SRB 2013"]
[Site "Vrnjacka Banja SRB"]
[Date "2013.04.22"]
[Round "8.1"]
[White "Tosic,M"]
[Black "Sedlak,N"]
[Result "1/2-1/2"]
[WhiteElo "2412"]
[BlackElo "2577"]

1.d4 e6 2.Nf3 Nf6 3.c4 Bb4+ 4.Bd2 a5 5.Nc3 d5 6.e3 O-O 7.a3 Bxc3 8.Bxc3 b6
9.b3 Ba6 10.a4 c5 11.Be2 cxd4 12.Nxd4 dxc4 13.bxc4 Nbd7 14.Bb2 Nc5 15.O-O Nfe4
16.Ra3 Rc8 17.f3 Nd6 18.Nb5 Nxb5 19.axb5 Bb7 20.e4 f5 21.exf5 exf5 22.Qc1 f4
23.Rd1 Qe7 24.Bf1 Rce8 25.Qd2 Rd8 26.Qc1 Rxd1 27.Qxd1 Rd8 28.Qc1 Ne6 29.Qe1 Kf7
30.Rd3 Rxd3 31.Bxd3 Qd6 32.Qc3 h6 33.Kf1 Qc5 34.Qe5 Bc8 35.h4 a4 36.Ke2 Qg1
37.Qf5+ Ke8 38.Qg6+ Kd8 39.Be4 a3 40.Bxg7 Nd4+ 41.Bxd4 Qxd4 42.Qg8+ Ke7 43.Qh7+ Kd8
44.Qg8+ Ke7  1/2-1/2

[Event "48th Capablanca Open I 2013"]
[Site "Havana CUB"]
[Date "2013.04.23"]
[Round "3.52"]
[White "Fernandez Rivero,Karla July"]
[Black "Ortega,Mariano"]
[Result "1/2-1/2"]
[WhiteElo "2055"]
[BlackElo "2446"]

1.d4 Nf6 2.c4 e6 3.Nf3 Bb4+ 4.Bd2 c5 5.Bxb4 cxb4 6.g3 O-O 7.Bg2 d6 8.O-O a5
9.a3 Na6 10.axb4 Nxb4 11.Nc3 Qc7 12.b3 Rd8 13.Qc1 Bd7 14.Rd1 h6 15.Qb2 Bc6
16.Rac1 Qe7 17.Na4 Bxa4 18.bxa4 Nd7 19.Ne1 Nb8 20.Nc2 N8a6 21.Na3 Rab8 22.Nb5 Nc7
23.Nc3 b6 24.Nb5 Ne8 25.h3 Rbc8 26.Qd2 Nf6 27.Kh2 Rd7 28.Qe3 Rb8 29.Kg1 h5
30.Qg5 Rc8 31.Qe3 Rb8 32.Qg5 g6 33.Qe3 Kg7 34.Qd2 Ne8 35.e4 Nf6 36.Nxd6 Rxd6
37.e5 Rd7 38.exf6+ Qxf6 39.Qe3 Rbd8 40.c5 bxc5 41.Rxc5 Rxd4 42.Rxd4 Rxd4
43.Rxa5 Nd5 44.Qf3 Qe5 45.Ra7 Qe1+ 46.Kh2 Nf6 47.Qe3  1/2-1/2

[Event "48th Capablanca Open I 2013"]
[Site "Havana CUB"]
[Date "2013.04.23"]
[Round "3.1"]
[White "Otero Acosta,D"]
[Black "Gonzalez Vidal,Y"]
[Result "1/2-1/2"]
[WhiteElo "2471"]
[BlackElo "2525"]

1.d4 e6 2.c4 Nf6 3.Nf3 Bb4+ 4.Bd2 Bxd2+ 5.Qxd2 d5 6.g3 c6 7.Bg2 Nbd7 8.O-O b6
9.b3 O-O 10.Qb2 Bb7 11.Rd1 Qe7 12.Nc3 Rfd8 13.Rac1 Rac8 14.Ne1 h6 15.Nd3 Kf8
16.e3 Ba6 17.Ne2 Kg8 18.Nef4 Re8 19.Ne5 Nxe5 20.dxe5 Nd7 21.h4 Red8 22.cxd5 cxd5
23.b4 Bb7 24.Qd4 Nb8 25.a3 Rc7 26.Nh5 Rxc1 27.Rxc1 Rc8 28.Rxc8+ Bxc8 29.e4 dxe4
30.Bxe4 Qd7 31.Qe3 Bb7 32.Bxb7 Qxb7 33.b5 Qd7 34.Nf4 Qd8 35.a4  1/2-1/2

[Event "48th Capablanca Open II 2013"]
[Site "Havana CUB"]
[Date "2013.04.25"]
[Round "5.15"]
[White "Gonzalez,Ge"]
[Black "Pampren,V"]
[Result "0-1"]
[WhiteElo "2146"]
[BlackElo "2223"]

1.d4 Nf6 2.Nf3 e6 3.c4 Bb4+ 4.Bd2 Qe7 5.Nc3 O-O 6.Qc2 b6 7.g3 Bb7 8.Bg2 d6
9.O-O Nbd7 10.a3 Bxc3 11.Bxc3 Be4 12.Qa4 c5 13.Nd2 Bxg2 14.Kxg2 cxd4 15.Bxd4 Nc5
16.Bxc5 bxc5 17.e4 Rab8 18.Rab1 Rb6 19.f3 Rfb8 20.Qc2 Nd7 21.Qc3 Qf6 22.Qxf6 gxf6
23.b3 Ne5 24.Rfe1 Nc6 25.Re3 Nd4 26.Rd3 a5 27.Kf2 Kf8 28.f4 h5 29.h3 Ke7
30.a4 f5 31.exf5 Nxf5 32.Rc1 Nd4 33.Rcc3 f5 34.Re3 Kf6 35.Rcd3 e5 36.Rc3 R6b7
37.Nf3 Rxb3 38.Rxb3 Rxb3 39.Rxb3 Nxb3 40.Ke3 Nd4 41.Nd2 Ke6 42.Nb1 e4 43.Nc3 Nc2+
44.Kf2 Na3 45.g4 hxg4 46.hxg4 Nxc4 47.Ke2 Nb6  0-1

[Event "TCh-CZE Extraliga 2012-13"]
[Site "Czech Republic CZE"]
[Date "2013.04.26"]
[Round "9.6"]
[White "Meduna,E1"]
[Black "Bernasek,J"]
[Result "1/2-1/2"]
[WhiteElo "2416"]
[BlackElo "2506"]

1.d4 Nf6 2.c4 e6 3.Nf3 Bb4+ 4.Bd2 c5 5.Bxb4 cxb4 6.g3 O-O 7.Bg2 d6 8.O-O Nc6
9.Nbd2 e5 10.d5 Nb8 11.e4 Na6 12.a3 Qb6 13.Ne1 bxa3 14.bxa3 Nc5 15.Qc2 Bd7
16.Nd3 Ba4 17.Qc3 Nfd7 18.Nxc5 Nxc5 19.Bh3 Bd7 20.Bxd7 Nxd7 21.Rab1 Qc7 22.Qe3 Nc5
23.f4 exf4 24.gxf4 Rae8 25.Rbe1 f6 26.Qd4 Rf7 27.Re3 Rfe7 28.Rfe1 Qb6 29.Rb1 Qc7
30.Rbe1 Qb6 31.Rb1 Qc7 32.Rbe1 Qd7 33.Kh1 Qg4 34.Rf1 f5 35.Rg3 Qe2 36.Re3 Qe1
37.Re2 Qxe2  1/2-1/2

[Event "TCh-CZE Extraliga 2012-13"]
[Site "Czech Republic CZE"]
[Date "2013.04.26"]
[Round "9.2"]
[White "Studnicka,Toma"]
[Black "Petrik,T"]
[Result "0-1"]
[WhiteElo "2388"]
[BlackElo "2534"]

1.d4 Nf6 2.c4 e6 3.Nf3 Bb4+ 4.Bd2 c5 5.Bxb4 cxb4 6.g3 O-O 7.Bg2 d6 8.O-O a5
9.Qc2 Re8 10.Rd1 Qc7 11.Nbd2 h6 12.Rac1 e5 13.c5 e4 14.Ne1 d5 15.Nf1 Nc6
16.Ne3 Be6 17.a3 Nh7 18.axb4 Nxb4 19.Qb3 f5 20.N1c2 Nxc2 21.Nxc2 g5 22.Na3 f4
23.Nb5 Qe7 24.Ra1 Nf6 25.Qc3 a4 26.Qc2 Rf8 27.Ra3 Kh8 28.Nd6 Ng4 29.f3 exf3
30.exf3 Ne3 31.Rxe3 fxe3 32.Qd3 b6 33.Qxe3 bxc5 34.dxc5 Qf6 35.f4 gxf4 36.gxf4 Rg8
37.f5 Bd7 38.Kh1 Bc6 39.Qe6 Qxe6 40.fxe6 Rab8 41.Rd2 a3 42.Rd1  0-1

[Event "ch-SRB 2013"]
[Site "Vrnjacka Banja SRB"]
[Date "2013.04.26"]
[Round "12.2"]
[White "Indjic,A"]
[Black "Sedlak,N"]
[Result "1-0"]
[WhiteElo "2519"]
[BlackElo "2577"]

1.d4 e6 2.Nf3 Nf6 3.c4 Bb4+ 4.Bd2 Bxd2+ 5.Qxd2 O-O 6.Nc3 d5 7.e3 Qe7 8.Bd3 dxc4
9.Bxc4 Rd8 10.O-O c5 11.Qe2 cxd4 12.exd4 Nc6 13.Rad1 Bd7 14.Rfe1 Rac8 15.a3 Be8
16.Ba2 Qc7 17.d5 exd5 18.Nxd5 Nxd5 19.Bxd5 Kf8 20.Qe4 g6 21.Qe3 Kg7 22.Qc3+ f6
23.Ng5 Bd7 24.Bxc6 Qxc6 25.Qxc6 bxc6 26.Re7+ Kf8 27.Rxh7 fxg5 28.Rdxd7 Rxd7
29.Rxd7 Rb8 30.Rxa7 Rxb2 31.g4 c5 32.Rc7 Rb5 33.h3 Ra5 34.a4 Ke8 35.Kf1 Kd8
36.Rc6 Kd7 37.Rxg6 c4 38.Ke2 Rd5 39.Rb6 c3 40.Rb3 Rc5 41.Kd1 Rc4 42.Rb5 Rxa4
43.Rxg5 Ra1+ 44.Kc2 Ra2+ 45.Kxc3 Rxf2 46.Kd4 Ke6 47.Ke4 Ra2 48.Rg6+ Kf7 49.Rh6 Kg7
50.g5  1-0

[Event "48th Capablanca Open II 2013"]
[Site "Havana CUB"]
[Date "2013.04.29"]
[Round "8.2"]
[White "Martinez Ramirez,L"]
[Black "Pampren,V"]
[Result "1-0"]
[WhiteElo "2251"]
[BlackElo "2223"]

1.d4 Nf6 2.c4 e6 3.Nf3 Bb4+ 4.Bd2 Qe7 5.g3 Nc6 6.Bg2 Bxd2+ 7.Qxd2 Ne4 8.Qd3 Qb4+
9.Nbd2 Nxd2 10.Qxd2 Qxc4 11.O-O O-O 12.Rfc1 Qb5 13.a4 Qd5 14.b4 a6 15.Rab1 Qd6
16.b5 axb5 17.axb5 Ne7 18.Ne5 c6 19.Nc4 Qc7 20.b6 Qd8 21.Nd6 Ra6 22.Qb4 Nd5
23.Bxd5 exd5 24.Rc3 f5 25.Re3 Qf6 26.f4 Rxb6 27.Qxb6 Qxd6 28.Kh1 Qf6 29.Rd1 Qd8
30.Qxd8 Rxd8 31.Ra1 Kf7 32.Ra8 d6 33.Rb8 c5 34.Kg1 h6 35.Kf2 c4 36.Ke1 b5
37.Ra3 b4 38.Raa8 b3 39.Kd2 b2 40.Kc2 Re8 41.Rxc8 Rxe2+ 42.Kb1 Rxh2 43.Rc7+ Kg6
44.Ra6 Kh5 45.Rxd6 g5 46.Rxd5 Kg4 47.Rxc4 Kxg3 48.fxg5 hxg5 49.Rxf5 g4 50.d5  1-0

[Event "48th Capablanca Open I 2013"]
[Site "Havana CUB"]
[Date "2013.04.29"]
[Round "8.28"]
[White "Hernandez,Rodn"]
[Black "Ruiz Sanchez,O"]
[Result "1/2-1/2"]
[WhiteElo "2310"]
[BlackElo "2366"]

1.d4 Nf6 2.c4 e6 3.Nf3 Bb4+ 4.Bd2 Bxd2+ 5.Qxd2 d5 6.Nc3 O-O 7.e3 Qe7 8.Be2 Rd8
9.Qc2 a6 10.O-O dxc4 11.Bxc4 c5 12.dxc5 Qxc5 13.Rfd1 Nbd7 14.Ne4 Qe7 15.Bd3 Nd5
16.Nc3 N7f6 17.Nxd5 exd5 18.Nd4 Bg4 19.Rdc1 Rac8 20.Qd2 g6 21.h3 Be6 22.a3 Nd7
23.Rxc8 Rxc8 24.Rc1 Rxc1+ 25.Qxc1 Qc5 26.Qxc5 Nxc5 27.Bc2 Kf8 28.Kf1 Ke7
29.Ke2 Kd6  1/2-1/2

[Event "Llucmajor Open 2013"]
[Site "Llucmajor ESP"]
[Date "2013.04.29"]
[Round "2.4"]
[White "Lymar,I"]
[Black "Levin,F"]
[Result "0-1"]
[WhiteElo "2245"]
[BlackElo "2507"]

1.d4 Nf6 2.c4 e6 3.Nf3 Bb4+ 4.Bd2 c5 5.Bxb4 cxb4 6.e3 O-O 7.Qc2 d6 8.a3 Nc6
9.Be2 bxa3 10.bxa3 b6 11.Nc3 Ba6 12.d5 Na5 13.Nd4 exd5 14.cxd5 Bxe2 15.Qxe2 Rc8
16.Qd3 Rc5 17.e4 Re8 18.O-O Qc7 19.Ncb5 Qd7 20.f3 Rec8 21.Rab1 a6 22.Nxd6 Qxd6
23.Nf5 Qd8 24.Qxa6 Nc4 25.d6 Ra8 26.Qb7 Nd2 27.Ne7+ Kf8 28.Nc6 Qe8 29.Rbd1 Qxc6
30.Qe7+ Kg8 31.Rxd2 Re8 32.Qa7 Nd7 33.Rfd1 Rc8 34.h3 Ra5  0-1

[Event "48th Capablanca Open I 2013"]
[Site "Havana CUB"]
[Date "2013.05.01"]
[Round "10.29"]
[White "Aderito,P"]
[Black "Vitier Vazquez,C"]
[Result "1/2-1/2"]
[WhiteElo "2333"]
[BlackElo "2260"]

1.Nf3 Nf6 2.d4 e6 3.c4 Bb4+ 4.Bd2 a5 5.Qc2 Nc6 6.g3 O-O 7.Bg2 d6 8.O-O Bxd2
9.Nbxd2 e5 10.e3 Re8 11.Rfe1 Bg4 12.d5 Nb4 13.Qb3 b6 14.a3 Na6  1/2-1/2

[Event "48th Capablanca Open I 2013"]
[Site "Havana CUB"]
[Date "2013.05.01"]
[Round "10.48"]
[White "Vargas,Ga"]
[Black "Gil Alba,H"]
[Result "1/2-1/2"]
[WhiteElo "2056"]
[BlackElo "2236"]

1.d4 Nf6 2.c4 e6 3.Nf3 Bb4+ 4.Bd2 a5 5.Bxb4 axb4 6.Nbd2 d6 7.e4 Nc6 8.Bd3 e5
9.d5 Ne7 10.c5 O-O 11.cxd6 cxd6 12.Qb3 Ng6 13.g3 Nd7 14.Qxb4 Nc5 15.Bc2 Bh3
16.Qc3 Rc8 17.Qe3 Bg2 18.Rg1 Bxf3 19.Qxf3 Qa5 20.a3 Na6 21.Rc1 Qb6 22.Qb3 Qd4
23.Nf3 Qa7 24.Qe3 Qb8 25.Ke2 Ne7 26.b4 Rfe8 27.Nh4 Nc7 28.Bd3 b5 29.Kf1 f5
30.Nxf5 Nxf5 31.exf5 Nxd5 32.Qe2 Nc7 33.Be4 d5 34.Qa2 Rcd8 35.Rc5 Qb7 36.Ke2 Kh8
37.Rd1 Qc8 38.Rdxd5 Rxd5 39.Bxd5 Qxf5 40.Ke1 Nxd5 41.Rxd5 Qe4+ 42.Kf1 Qh1+
43.Ke2 h6 44.Qd2 Qxh2 45.Qe3 Qh5+ 46.Kd2 Qf7 47.Rxe5 Qa2+ 48.Ke1 Qb1+ 49.Ke2 Qb2+
50.Ke1 Qa1+  1/2-1/2

[Event "48th Capablanca Open I 2013"]
[Site "Havana CUB"]
[Date "2013.05.01"]
[Round "10.53"]
[White "Romero,N"]
[Black "Infante,B"]
[Result "1/2-1/2"]
[WhiteElo "2107"]
[BlackElo "2177"]

1.d4 Nf6 2.c4 e6 3.Nf3 Bb4+ 4.Bd2 Qe7 5.a3 Bxd2+ 6.Qxd2 d5 7.e3 O-O 8.Nc3 b6
9.Bd3 Bb7 10.O-O dxc4 11.Bxc4 Nd5  1/2-1/2

[Event "8th Angers Open"]
[Site "Angers FRA"]
[Date "2013.05.03"]
[Round "2.7"]
[White "Drochon,F"]
[Black "Rabouan,J"]
[Result "0-1"]
[WhiteElo "1735"]
[BlackElo "1896"]

1.d4 Nf6 2.Nf3 e6 3.c4 Bb4+ 4.Bd2 Qe7 5.g3 O-O 6.Nc3 b6 7.Bg2 Bb7 8.O-O c5
9.e3 d6 10.Qe2 Nbd7 11.Rfd1 Rfe8 12.a3 Bxc3 13.Bxc3 Be4 14.Nd2 Bxg2 15.Kxg2 d5
16.e4 cxd4 17.Bxd4 e5 18.Be3 d4 19.Bg5 Nc5 20.Bxf6 Qxf6 21.b4 Na4 22.Rdc1 Red8
23.Qd3 Qc6 24.Re1 a5 25.Nb3 Nb2 26.Qf3 Nxc4 27.Rec1 axb4 28.axb4 Rxa1 29.Rxa1 Nd6
30.Nd2 Qc3 31.Rd1 Qxb4 32.Ra1 Qc3 33.Ra7 b5 34.Qe2 Nc4 35.Nb1 Qc1 36.Qf3 Rf8
37.Qb3 Nd6 38.Qd3 Qc4 39.Qd2 Nxe4  0-1

[Event "Zonal 2.4 Absoluto 2013"]
[Site "Manaus BRA"]
[Date "2013.05.03"]
[Round "9.28"]
[White "Stone,Ronnie Frank Pires"]
[Black "Benayon,Elismar da Silva"]
[Result "1-0"]
[WhiteElo "1993"]
[BlackElo "1808"]

1.d4 Nf6 2.Nf3 e6 3.c4 Bb4+ 4.Bd2 Qe7 5.g3 b6 6.Bg2 Ne4 7.O-O Bb7 8.Be3 d5
9.a3 Bd6 10.Nbd2 f5 11.Rc1 O-O 12.Qc2 Nd7 13.Nxe4 dxe4 14.Nd2 e5 15.dxe5 Bxe5
16.c5 Bd5 17.f4 exf3 18.Bxf3 Bxf3 19.Rxf3 Nxc5 20.Bxc5 Qxc5+ 21.Qxc5 bxc5
22.Nc4 Bd6 23.Rd1 Rad8 24.Rd5 g6 25.Rfd3 Rfe8 26.Kf2 Kg7 27.Nxd6 cxd6 28.Rxd6 Rb8
29.b3 Re7 30.Rc6 Rbe8 31.e3 Re5 32.Rc3 Rb8 33.Rc7+ Kf6 34.Rxa7 h5 35.h4 Rd8
36.Ra6+ Kg7 37.Rc6 Rd2+ 38.Kf3 Rd1 39.R6xc5 Re4 40.Rc7+ Kh6 41.Rf7 Re1 42.Kf2 Rb1
43.Rcc7 Rb2+ 44.Kf3  1-0

[Event "FSFMA May 2013"]
[Site "Budapest HUN"]
[Date "2013.05.04"]
[Round "1.4"]
[White "Krstulovic,Alex"]
[Black "Juhasz,Bel"]
[Result "1/2-1/2"]
[WhiteElo "1945"]
[BlackElo "2173"]

1.d4 Nf6 2.c4 e6 3.Nf3 Bb4+ 4.Bd2 a5 5.Bxb4 axb4 6.Nbd2 d5 7.e3 O-O 8.Bd3 Qe7
9.O-O Nbd7 10.cxd5 exd5 11.Qc2 c5 12.dxc5 Nxc5 13.Bf5 g6 14.Bxc8 Rfxc8 15.Rfc1 Kg7
16.Nb3 b6 17.Nfd4 Nfe4 18.Qe2 Qf6 19.Nf3 Ra4 20.Nxc5 bxc5 21.Qd1 Qc6 22.Ne5 Qa8
23.Nd7 Ra6 24.Nxc5 Nxc5 25.Rxc5 Rxc5 26.Qd4+ Kg8 27.Qxc5 Rxa2 28.Rxa2 Qxa2  1/2-1/2

[Event "Old Capital Open 2013"]
[Site "Veliko Tarnovo BUL"]
[Date "2013.05.04"]
[Round "6.2"]
[White "Rombaldoni,Ax"]
[Black "Dimitrov,R"]
[Result "1/2-1/2"]
[WhiteElo "2486"]
[BlackElo "2427"]

1.d4 Nf6 2.Nf3 e6 3.c4 Bb4+ 4.Bd2 Bxd2+ 5.Qxd2 d6 6.Nc3 O-O 7.g3 Nc6 8.Bg2 e5
9.O-O Bg4 10.dxe5 Nxe5 11.Nxe5 dxe5 12.Qg5 Qd4 13.h3 Be6 14.Rfd1 h6 15.Qc1 Qxc4
16.Bxb7 Rad8 17.Bg2 Qb4 18.Qc2 c5 19.Rd2 Bf5 20.Qd1 Rxd2 21.Qxd2 Rb8 22.b3 c4
23.e4 Be6 24.a3 Qa5 25.bxc4 Rb3 26.Rc1 Rxa3 27.Nb1 Nd7 28.Qxa5 Rxa5 29.Nd2 Nc5
30.f4 Ra2 31.Rd1 f6 32.fxe5 fxe5 33.Nf3 Nxe4 34.Nxe5 Nxg3 35.Rd6 Ne2+ 36.Kh1 Nf4
37.Be4 g5 38.Bd5 Bxd5+ 39.cxd5 Kg7 40.Rd7+ Kf6 41.Ng4+ Kf5 42.Nxh6+ Ke4 43.d6 Kf3
44.Rb7 Ra3 45.Nf5 Ke4 46.d7 Rxh3+ 47.Kg1 Rd3 48.Nh6 Kf3 49.Rb3 Rxb3 50.d8=Q Rb1+
51.Kh2 Rb2+ 52.Kh1 Rb1+ 53.Kh2 Rb2+ 54.Kh1  1/2-1/2

[Event "Old Capital Open 2013"]
[Site "Veliko Tarnovo BUL"]
[Date "2013.05.04"]
[Round "6.3"]
[White "Kukov,V"]
[Black "Gazis,Ef"]
[Result "1-0"]
[WhiteElo "2387"]
[BlackElo "2279"]

1.Nf3 Nf6 2.d4 e6 3.c4 Bb4+ 4.Bd2 Qe7 5.g3 Nc6 6.Bg2 Bxd2+ 7.Nbxd2 d6 8.O-O a5
9.e4 e5 10.d5 Nb8 11.Ne1 h5 12.h4 Bg4 13.f3 Bd7 14.Nd3 Na6 15.Qc2 O-O 16.a3 a4
17.Rae1 c6 18.f4 exf4 19.Nxf4 Rae8 20.Nf3 Nc5 21.Ng5 Qe5 22.Nf3 Qe7 23.e5 dxe5
24.Rxe5 Qd6 25.Rxe8 Rxe8 26.Ng5 Bg4 27.Kh1 Re3 28.Qf2 Re5 29.Re1 Ncd7 30.Rxe5 Qxe5
31.dxc6 bxc6 32.Bxc6 Nc5 33.Nd5 Nd3 34.Qe3 Qd6 35.Ne7+ Kf8 36.Nh7+ Nxh7 37.Ng6+ Kg8
38.Qe8+ Nf8 39.Ne7+ Kh7 40.Qxf8 Nf2+ 41.Kh2 Qd3 42.Qg8+ Kh6 43.Qxf7 Qc2 44.Bxa4 Qb1
45.Qxf2 Qe4 46.Qf4+  1-0

[Event "HC Andersen Open 2013"]
[Site "Odense DEN"]
[Date "2013.05.12"]
[Round "9.10"]
[White "Pedersen,NicK"]
[Black "Pedersen,HB"]
[Result "1-0"]
[WhiteElo "2169"]
[BlackElo "2125"]

1.Nf3 Nf6 2.c4 e6 3.d4 Bb4+ 4.Bd2 Qe7 5.g3 Nc6 6.Bg2 Bxd2+ 7.Qxd2 Ne4 8.Qc2 Qb4+
9.Nc3 Nxc3 10.Qxc3 Qxc3+ 11.bxc3 d6 12.Rb1 Rb8 13.O-O Na5 14.c5 Bd7 15.cxd6 cxd6
16.Nd2 Ke7 17.c4 b6 18.Rfc1 Rbc8 19.e3 Rc7 20.Bf1 Rhc8 21.Re1 f6 22.Bd3 h6
23.Rb2 Rd8 24.Rc1 Rdc8 25.Rcb1 Be8 26.f4 d5 27.cxd5 exd5 28.Kf2 Rc1 29.Rxc1 Rxc1
30.Rc2 Rxc2 31.Bxc2 Nc4 32.Nxc4 dxc4 33.e4 b5 34.e5 Bf7 35.Be4 b4 36.d5 b3
37.axb3 cxb3 38.Ke3 f5 39.d6+ Kd8 40.Bxf5 b2 41.Bb1 a5 42.Kd4 a4 43.f5 a3
44.e6 Bh5 45.Kc3 Bd1 46.f6 gxf6 47.e7+ Kd7 48.Bf5+  1-0

[Event "10th Orlova Open"]
[Site "Orlova CZE"]
[Date "2013.05.17"]
[Round "5.1"]
[White "Sergeev,Vl"]
[Black "Andreev,Ed UKR"]
[Result "1/2-1/2"]
[WhiteElo "2430"]
[BlackElo "2505"]

1.d4 Nf6 2.c4 e6 3.Nf3 Bb4+ 4.Bd2 Qe7 5.g3 Bxd2+ 6.Qxd2 O-O 7.Bg2 d6 8.Nc3 e5
9.O-O Nc6 10.d5 Nb8  1/2-1/2

[Event "Gligoric Cup 2013"]
[Site "Banja Koviljaca SRB"]
[Date "2013.05.20"]
[Round "1.1"]
[White "Markus,Rob"]
[Black "Brkljaca,A"]
[Result "1-0"]
[WhiteElo "2606"]
[BlackElo "2322"]

1.d4 Nf6 2.c4 e6 3.Nf3 Bb4+ 4.Bd2 c5 5.Bxb4 cxb4 6.g3 b6 7.Bg2 Bb7 8.O-O O-O
9.Qd3 d6 10.Nbd2 Qc7 11.Rac1 Nbd7 12.Qb3 a5 13.a3 bxa3 14.bxa3 Rfc8 15.Rc2 a4
16.Qb2 Ne4 17.Bh3 Nxd2 18.Nxd2 Ra5 19.Rb1 Rh5 20.Bf1 Ba8 21.Qb4 e5 22.e3 exd4
23.exd4 b5 24.Bd3 Qb7 25.Be4 d5 26.Qxa4 bxa4 27.cxd5 Qa7  1-0

[Event "22nd TCh-CRO Cup 2013"]
[Site "Bol na Bracu CRO"]
[Date "2013.05.22"]
[Round "1.62"]
[White "Zaja,I"]
[Black "Ivankovic,I"]
[Result "1-0"]
[WhiteElo "2479"]
[BlackElo "2139"]

1.d4 Nf6 2.c4 e6 3.Nf3 Bb4+ 4.Bd2 Qe7 5.g3 b6 6.Bg2 Bb7 7.O-O O-O 8.Bf4 Bd6
9.Be3 c6 10.Nc3 Bc7 11.Bg5 h6 12.Bxf6 Qxf6 13.e4 d6 14.e5 dxe5 15.dxe5 Bxe5
16.Ne4 Qf5 17.Nh4 Qh7 18.f4 Bxb2 19.Rb1 Ba3 20.f5 Na6 21.Qg4 Kh8 22.fxe6 Bc8
23.Qf3 Bxe6 24.Qxa3 Bxc4 25.Rfe1 Nc7 26.Qd6 Rac8 27.Bh3 Be6 28.Bg2 Bxa2 29.Ra1 Bd5
30.Bh3 Nb5 31.Qf4 Rce8 32.Bf5 Qg8 33.Nf6 g5 34.Qb4 Rxe1+ 35.Rxe1 Qg7 36.Ng2 a5
37.Qe7 Nd4 38.Bg4 Nf3+ 39.Bxf3 Bxf3 40.Ne3 Ra8 41.Qe5 Qf8 42.Qf5  1-0

[Event "2nd Oscar Panno GM"]
[Site "Moron ARG"]
[Date "2013.05.22"]
[Round "9"]
[White "Perez Ponsa,F"]
[Black "Rodriguez Vila,A"]
[Result "1-0"]
[WhiteElo "2474"]
[BlackElo "2490"]

1.d4 Nf6 2.c4 e6 3.Nf3 Bb4+ 4.Bd2 Qe7 5.g3 Nc6 6.Nc3 Bxc3 7.Bxc3 Ne4 8.Rc1 d6
9.d5 Nxc3 10.Rxc3 Ne5 11.Nxe5 dxe5 12.Bg2 O-O 13.O-O Rb8 14.Qa4 a6 15.Rfc1 Rd8
16.b4 f5 17.e4 f4 18.Qa5 b6 19.Qa3 Rf8 20.Rd3 Rf7 21.Qc3 Qg5 22.Rcd1 Bd7
23.c5 Rbf8 24.c6 Bc8 25.d6 cxd6 26.Rxd6 h5 27.a4 fxg3 28.Qxg3 Qf6 29.R1d2 h4
30.Qe3 b5 31.axb5 axb5 32.h3 Kh7 33.Qc5 Qg5 34.R6d3 Rf6 35.Qe3 Rf4 36.c7 Qe7
37.Rc3 Qxb4 38.Rc5 Qa5 39.Rdc2 Qa4 40.Kh2 b4 41.R5c4 Qb5 42.Rc5 Qb7 43.f3 Qb6
44.Qb3 Qd6 45.Qb2 Qe7 46.Qxe5 b3 47.R2c4 g6 48.Qc3 Qd6 49.Rd4 Qa6 50.Rd2 R4f7
51.Qxb3 Qa1 52.Qe3 e5 53.Rd8 Qa7 54.Rxf8 Rxf8 55.Qc3 Rf7 56.Qxe5 Qa2 57.Qe8 Bd7
58.c8=Q Bxe8 59.Qxe8 Qa7 60.Rc8  1-0

[Event "Hungarian National Open 2013"]
[Site "Zalakaros HUN"]
[Date "2013.05.23"]
[Round "2"]
[White "Kozak,Adam"]
[Black "Suto,G"]
[Result "1-0"]
[WhiteElo "2092"]
[BlackElo "2193"]

1.d4 Nf6 2.c4 e6 3.Nf3 Bb4+ 4.Bd2 c5 5.a3 Bxd2+ 6.Qxd2 cxd4 7.Nxd4 O-O 8.Nc3 d5
9.e3 a6 10.cxd5 Nxd5 11.Be2 Nxc3 12.Qxc3 Qb6 13.O-O Bd7 14.Bf3 Rc8 15.Qb3 Qxb3
16.Nxb3 Bc6 17.Rac1 Nd7 18.Bxc6 Rxc6 19.Rxc6 bxc6 20.Rd1 Ne5 21.Rc1 Rb8 22.Rc3 Kf8
23.h3 Ke8 24.Nd4 Rxb2 25.Nxc6 Nxc6 26.Rxc6 a5 27.Rc5 a4 28.Rc4 Rb1+ 29.Kh2 Ke7
30.Rxa4 Rb2 31.Kg3 Ra2 32.Ra7+ Kf6 33.h4 h6 34.a4 g6 35.Kf3 Rb2 36.Rd7 Ra2
37.Rd4 g5 38.h5 Kg7 39.Rb4 Kf6 40.g4 Kg7 41.Ke4 Rxf2 42.Kd4 f5 43.Ke5 fxg4
44.Rxg4 Kf7 45.Rg1 Ra2 46.Rb1 Rxa4 47.Rb7+ Kg8 48.Kf6 Ra6 49.e4 e5+ 50.Kxe5 Ra8
51.Kf5 Rf8+ 52.Kg6 Re8 53.Rb6 g4 54.Kf5 Kh7 55.Rg6 Rf8+ 56.Kxg4 Rf1 57.Re6 Kg7
58.Rg6+ Kh7 59.e5 Rg1+ 60.Kf5 Rh1 61.e6 Rxh5+ 62.Kf6 Rh1 63.Kf7 Re1 64.Rf6 h5
65.e7  1-0

[Event "Hungarian National Open 2013"]
[Site "Zalakaros HUN"]
[Date "2013.05.25"]
[Round "4"]
[White "Lechtynsky,J"]
[Black "Veleski,R"]
[Result "1-0"]
[WhiteElo "2361"]
[BlackElo "2262"]

1.d4 Nf6 2.Nf3 e6 3.c4 Bb4+ 4.Bd2 Qe7 5.Nc3 b6 6.g3 Bb7 7.Bg2 O-O 8.O-O Bxc3
9.Bxc3 Be4 10.Ne1 Bxg2 11.Nxg2 d6 12.Qc2 Nbd7 13.Rad1 e5 14.d5 a5 15.b3 Rfb8
16.e4 b5 17.cxb5 Rxb5 18.Ne3 Nc5 19.f3 Qd7 20.Kg2 c6 21.dxc6 Qxc6 22.Nf5 Rb7
23.Rxd6 Qb5 24.Rfd1 Rbb8 25.Nxg7 Ncxe4 26.fxe4 Kxg7 27.Rxf6 Kxf6 28.Rd5 Qb6
29.Bxe5+ Ke7 30.Bxb8 Rxb8 31.Qc3 Ra8 32.Re5+ Kf8 33.Rc5 Qa6 34.Qh8+ Ke7 35.Qe5+ Kf8
36.Rc7 Kg8 37.Qg5+ Qg6 38.Qxg6+ hxg6 39.Kf3 a4 40.b4 a3 41.b5 Rb8 42.Rc5 Kf8
43.e5 Ke7 44.Ke4 Rh8 45.h4 g5 46.Rc7+ Ke6 47.Rc6+ Ke7 48.Ra6 gxh4 49.gxh4 Rxh4+
50.Kd5 Rb4 51.Kc5 Rb2 52.Rxa3 Ke6 53.b6 Kxe5 54.Re3+ Kf4 55.Rb3 Rc2+ 56.Kb5 Rc8
57.a4  1-0

[Event "TCh-SUI 2013"]
[Site "Switzerland SUI"]
[Date "2013.05.26"]
[Round "3.7"]
[White "Gruenenwald,J"]
[Black "Regez,M"]
[Result "1-0"]
[WhiteElo "2308"]
[BlackElo "2183"]

1.d4 Nf6 2.c4 e6 3.Nf3 Bb4+ 4.Bd2 c5 5.Bxb4 cxb4 6.g3 O-O 7.Bg2 a5 8.O-O d6
9.a3 Na6 10.axb4 Nxb4 11.Nc3 Qe7 12.h3 e5 13.e4 b6 14.Re1 Rd8 15.b3 Bb7 16.Nd5 Nfxd5
17.exd5 f6 18.dxe5 fxe5 19.Nd4 Qf6 20.Ne6 Rdc8 21.Qd2 b5 22.Rec1 bxc4 23.bxc4 e4
24.Bxe4 Rxc4 25.Rxc4 Qxa1+ 26.Rc1 Qe5 27.Rc7 Qxe4 28.Rxg7+ Kh8 29.Rxb7 Nd3
30.Qxa5 Rc8 31.Rc7 Rb8 32.Qc3+  1-0

[Event "40 Yrs Beer Sheva CC"]
[Site "Beer Sheva ISR"]
[Date "2013.05.28"]
[Round "9"]
[White "Postny,E"]
[Black "Huzman,A"]
[Result "1/2-1/2"]
[WhiteElo "2637"]
[BlackElo "2572"]

1.d4 Nf6 2.c4 e6 3.Nf3 Bb4+ 4.Bd2 Bxd2+ 5.Nbxd2 d5 6.g3 b6 7.Bg2 Bb7 8.O-O O-O
9.cxd5 exd5 10.Rc1 Re8 11.Re1 Na6 12.Ne5 c5 13.e3 Qe7 14.Qa4 Ne4 15.Red1 Nc7
16.Nxe4 dxe4 17.Qc2 f6 18.Nc4 Rad8 19.dxc5 Qxc5 20.b4 Qxb4 21.Nd6 Rxd6 22.Qxc7 Rxd1+
23.Rxd1 Ba6 24.Qc6 Bb5 25.Qd5+ Kf8 26.a3 Qc5 27.Bxe4 Qxd5 28.Bxd5 Rd8 29.Rd4 Be8
30.Kf1 Bf7 31.e4 Bxd5 32.exd5 Ke7 33.Ke2 Kd6 34.Kd3 Rc8 35.Re4 Rc5 36.Re6+ Kd7
37.Ke4 Ra5 38.f4 Ra4+ 39.Kf5 Rd4 40.Re3 Rxd5+ 41.Ke4 Kd6 42.g4 g6 43.Rh3 f5+
44.gxf5 gxf5+ 45.Ke3 Ra5 46.Rxh7 Rxa3+ 47.Kd4 Ra4+ 48.Ke3 Re4+ 49.Kf3 Re7
50.Rh6+ Kc5 51.Rf6 a5 52.Rxf5+ Kc4 53.Rf8 Ra7 54.f5 a4 55.Rc8+ Kb4 56.Rc1 a3
57.Ke4 a2 58.Ra1 Kb3 59.f6 Rh7 60.Rf1 Rxh2 61.f7 Rh8 62.Kd5 Rf8 63.Ke6 b5
64.Ke7 Rxf7+ 65.Kxf7 b4 66.Ke6 Kc3 67.Kd5 b3 68.Kc5 b2 69.Rf3+ Kd2 70.Rf2+ Kd3
71.Rxb2 a1=Q 72.Rb3+ Ke4 73.Kc4 Qd4+ 74.Kb5 Kd5 75.Ka5 Kc6 76.Rh3 Qe5+ 77.Kb4 Qe1+
78.Rc3+ Kd5 79.Kb3 Qb1+ 80.Ka3 Qa1+ 81.Kb4 Kd4 82.Rc4+ Kd3 83.Rc6 Qe5 84.Rc5 Qb8+
85.Ka5 Kd4 86.Rc6 Qa7+ 87.Kb5 Kd5 88.Rc3 Qd4 89.Rc7 Qb2+ 90.Ka6 Kd6 91.Rc8 Qb3
92.Ka5 Qd5+ 93.Kb6 Qd4+ 94.Kb5 Qe5+ 95.Kb6 Qe3+ 96.Kb5 Qe2+ 97.Kb6 Qb2+ 98.Ka5 Qb3
99.Ka6 Qb4 100.Ka7 Kd7 101.Rb8 Qc5+ 102.Ka6 Qa3+ 103.Kb6 Qb4+ 104.Ka7 Qa4+
105.Kb6 Qb4+ 106.Ka7 Qa5+ 107.Kb7 Qe5 108.Ka7 Qa1+ 109.Kb6 Qg1+ 110.Kb7 Qg2+
111.Kb6 Qf2+ 112.Kb7 Qf3+ 113.Kb6 Qe3+ 114.Ka6 Kc7 115.Rb4 Qc5 116.Rb7+ Kc8  1/2-1/2

[Event "Hungarian National Open 2013"]
[Site "Zalakaros HUN"]
[Date "2013.05.28"]
[Round "7"]
[White "Pasztor,F1"]
[Black "Vukovic,Ivo"]
[Result "1-0"]
[WhiteElo "2219"]
[BlackElo "2170"]

1.d4 Nf6 2.Nf3 e6 3.c4 Bb4+ 4.Bd2 Qe7 5.g3 O-O 6.Bg2 Nc6 7.O-O Bxd2 8.Qxd2 d6
9.Nc3 e5 10.d5 Nb8 11.b4 Re8 12.Qc2 a6 13.Nd2 Nbd7 14.Rac1 Nf8 15.Nb3 h5
16.Nd2 h4 17.Nce4 Nxe4 18.Bxe4 g6 19.c5 Bh3 20.Bg2 Bxg2 21.Kxg2 hxg3 22.hxg3 Nh7
23.cxd6 Qxd6 24.e4 Rac8 25.Qc5 Nf6 26.Rh1 Kg7 27.f3 Qd7 28.Nc4 Nh5 29.a3 Qd8
30.Qe3 Qe7 31.Qc3 Qg5 32.Rxh5 Qxh5 33.Rh1 Qg5 34.f4 Qg4 35.Qb2 f6 36.Rh4 Qxh4
37.gxh4 b5 38.Ne3 exf4 39.Ng4 Rf8 40.e5 f3+ 41.Kf2  1-0